000 00222nam a22000857a 4500
008 170624b xxu||||| |||| 00| 0 eng d
100 _93668
_aNehru. J
245 _aLetter from a father to his daughter
260 _aNew Delhi
_c2004
999 _c7083
_d7083